Antes Que Se Acabe - Bad Bunny - Estadísticas

Estadísticas generales
  • Esta prueba ha sido intentada 53 veces
  • La puntuación promedio es 336 de 404
Estadísticas de respuestas
Letra % Correcto
a
100%
A
100%
a-
100%
acabe
100%
antes
100%
Antes
100%
e'
100%
es
100%
esto
100%
100%
mi
100%
Pa'
100%
pa'
100%
que
100%
Que
100%
se
100%
to'
100%
todo
100%
Un
100%
un
100%
Y
100%
y
100%
al
95%
de
95%
llorar
95%
Llorar
95%
me
95%
sexo
95%
si
95%
Voy
95%
voy
95%
alcohol
90%
beso
90%
bien
90%
día
90%
día'
90%
doy
90%
en
90%
exceso
90%
ha
90%
la
90%
La
90%
mal
90%
mucha
90%
otro
90%
para
90%
paz
90%
Pero
90%
pero
90%
(Pero
90%
quiero
90%
sobre
90%
te
90%
vida
90%
vivir
90%
Así
86%
contento
86%
eso
86%
hay
86%
hoy
86%
Hoy
86%
mejor
86%
mucho
86%
muero
86%
no
86%
problema'
86%
son
86%
sonreír
86%
va
86%
vece'
86%
cambiar
81%
darte
81%
lo'
81%
Lo
81%
lo
81%
los
81%
reciban
81%
siempre
81%
volar
81%
aprende
76%
ey
76%
ojos
76%
yo
76%
amor
71%
Amor
71%
Cierra
71%
ah
67%
bonito'
62%
shot
62%
el
57%
más
57%
nunca
57%
sol
57%
tu
57%
57%
casa
52%
celebrar
52%
Dale
52%
(Dale
52%
Dale)
52%
delito
52%
eh
52%
sido
52%
una
52%
Yeh
52%
yeh
52%
director
48%
doctor
48%
invito
48%
lluvioso'
48%
malo
48%
movie
48%
pasó
48%
propio
48%
salió
48%
siento
48%
soy
48%
tiempo
48%
aquí
43%
hacer
43%
iguale'
43%
Prenda
43%
respiramo'
43%
somo'
43%
ames
38%
color
38%
Cuanto
38%
guardar
38%
mires
38%
por
38%
Prendan
38%
rencor
38%
sale
38%
sale)
38%
tengo
38%
Abraza
33%
cabe
33%
hermano
33%
traiganme
33%
truco
33%
vales
33%
cojo
24%
lucha
24%
meno'
24%
oh
24%
ese
14%
longboard
14%
humito
10%
Ya
5%
No se encontraron pruebas coincidentes
Distribución de puntuación
Porcentaje de gente con cada puntuación
Porcentaje por número respondido
Historial de tus puntuaciones
No has intentado esta prueba.